| 000 | 00629nam a2200205 a 4500 | ||
|---|---|---|---|
| 005 | 20240925065401.0 | ||
| 008 | 991125m19701978mx 000 0 spa u | ||
| 020 | _a9682302579 | ||
| 035 | _aUPN01000003252 | ||
| 049 | _aCG | ||
| 050 | 4 |
_aHX288 G7 _bA5.38 |
|
| 245 | 0 | 0 |
_aAntonio Gramsci : _bantología / _cselec., tr. y notas de Manuel Sacristán. |
| 260 |
_aMéxico : _bSiglo XXI, _c1970 (1978 impr.). |
||
| 300 | _a520 p. | ||
| 440 | 0 |
_aBiblioteca del pensamiento socialista. _pLos clásicos |
|
| 600 | 1 | 4 |
_aGRAMSCI, ANTONIO, _d1891-1937 |
| 650 | 4 |
_aSocialismo _97360 |
|
| 700 | 1 |
_aSacristán, Manuel, _ecomp. |
|
| 905 | _aLibro | ||
| 999 |
_c3252 _d3252 |
||